KATECHOLAMÍNY V HYPOTALAMO-HYPOFYZÁRNYCH ŠTRUKTÚRACH PO HORMONÁLNOM OVPLYVNENÍ

Bibliographic Details
Main Author: Pástorová, B. (Author)
Format: Article
Language:English

MARC

LEADER 00000naa a2200000uu 4500
001 vtls010945237
003 SK-MaSNL
005 20260302121814.0
008 210902|1999 xo |||||||||||||||||eng|
015 |a SNBRA 
035 |a (urnnbn)urn:nbn:sk:snk:ar-a0bf3g 
035 |a (uuid)a6d0b6ef-8073-47d2-baeb-9beadc76fcf7 
035 |a urn:nbn:sk:snk-aau7a1 
040 |a SNKBUCL  |b slo  |c SNKBUCL  |e AACR2 
041 0 |a eng 
044 |a xo  |c SK 
100 1 |a Pástorová, B.  |4 aut  |9 772309 
245 1 0 |a KATECHOLAMÍNY V HYPOTALAMO-HYPOFYZÁRNYCH ŠTRUKTÚRACH PO HORMONÁLNOM OVPLYVNENÍ  |c B. Pástorová 
246 3 |a CATECHOLAMINE LEVELS IN THE HYPOTHALAMO-PITUITARY STRUCTURES AFTER HORMONAL STIMULATION 
773 0 |t Zdravie a choroby zvierat  |d Košice : Univerzita veterinárneho lekárstva, 1999  |g S. 29-32  |z 8088985005 
958 |a OND 
958 |a article11 
958 |a chapter 
999 |c 1275430  |d 1277360